000 00977nam a22003017a 4500
001 4790
003 FISKH
005 20241014095853.0
008 241014b cb ||||| |||| 00| 0 eng d
020 _a9780545861410
040 _aFISKH
_beng
_cFISKH
_dFISKH
050 _aPZ7.L9185
082 _a424
100 _aLauture, Denize
_d(1946-)
245 _aRunning the road to ABC /
_cBy Denize Lauture Illustrated By Reynold Ruffins
250 _a1996
260 _aNew York :
_bScholastic,
_c1996.
300 _a26 pages :
_bColor illustrations ;
_c23 cm
505 _aR
520 _aLong before the sun even thinks of rising the Haitian children run to school where they learn the letters, sounds, and words of their beautiful books.
521 8 _a710L
_bLexile
521 8 _aR
_bRaz-Plus
650 _2Alphabet
_aPicture book
_vSchool
650 _2Nature
_aAlphabet book
700 _aRuffins, Reynold
_dIllustrator
942 _2ddc
_cBK
_n0
999 _c4790
_d4790